बैंक प्रोबेशनरी ऑफीसर्स (Record no. 987492)

MARC details
000 -LEADER
fixed length control field 00333nam a2200121Ia 4500
008 - FIXED-LENGTH DATA ELEMENTS--GENERAL INFORMATION
fixed length control field 151001s9999||||xx |||||||||||||| ||und||
100 ## - MAIN ENTRY--PERSONAL NAME
Personal name टी एस जैन
245 ## - TITLE STATEMENT
Title बैंक प्रोबेशनरी ऑफीसर्स
250 ## - EDITION STATEMENT
Edition statement 1
260 ## - PUBLICATION, DISTRIBUTION, ETC. (IMPRINT)
Name of publisher, distributor, etc उपकार
260 ## - PUBLICATION, DISTRIBUTION, ETC. (IMPRINT)
Date of publication, distribution, etc 2007
300 ## - PHYSICAL DESCRIPTION
Extent 84

No items available.